Norah Jones Songs - Sudden Death - Statistics

General Stats
  • This quiz has been taken 44 times
  • The average score is 3 of 10
Answers on the Grid
Answers color-coded by a green-red scale on the quiz's grid according to % correct below.
Don't Know Why
Come Away With Me
Put Your Records On
Sunrise
Cold Heart
I've got To See You
Winter Wren
Nightingale
Day Dream
Nightmare
Running
Wake Me Up
Not Too Late
Lullaby
The Nearness Of You
Carpenter Song
Waiting
Chasing
 
Answer Stats
Answer % Correct
Come Away With Me
90%
Don't Know Why
80%
The Nearness Of You
50%
Nightingale
40%
Sunrise
40%
Day Dream
30%
Waiting
10%
Not Too Late
0%
Running
0%
Wake Me Up
0%
No matching quizzes found
Score Distribution
Percent of People with Each Score
Percentile by Number Answered
Your Score History
You have not taken this quiz